Western Europe

Saved in:
Bibliografiske detaljer
Hovedforfatter: Warmenhoven, Henri J (Author)
Format: Bog
Sprog:engelsk
Udgivet: Guilford Dushkin 1993
Udgivelse:3a. ed
Serier:Global Studies
Fag:
Tags: Tilføj Tag
Ingen Tags, Vær først til at tagge denne postø!

MARC

LEADER 00000nam a2200000 a 4500
001 UCM5022
003 CL-VaPUC
008 020927e19930000US |||||||||||||||||eng|d
082 0 4 |a 940  |b WAR  |2 21 
100 0 |a Warmenhoven, Henri J  |e author  |9 471305 
245 1 0 |a Western Europe 
250 |a 3a. ed 
300 |a 276 p 
942 |c BK 
945 |d 20020927 00:00:00  |a cmena 
260 |a Guilford  |b Dushkin  |c 1993 
650 7 |a HISTORIA DE EUROPA 1945  |2 CL-VaPUC  |9 442246 
650 7 |a HISTORIA POLITICA EUROPEA  |2 CL-VaPUC  |9 459177 
650 7 |a RELACIONES INTENACIONALES  |2 CL-VaPUC  |9 471306 
583 |a last modification  |c 20020927 00:00:00  |k Rodrigo Vera 
490 0 |a Global Studies 
999 |c 301324  |d 301322 
952 |0 0  |1 0  |4 0  |6 940_000000000000000_WAR_1993  |7 0  |8 P  |9 360173  |a BIBDER  |b BIBDER  |d 2019-11-21  |i 367326K  |o 940 WAR 1993  |p 367326K  |r 2023-01-25  |w 2019-11-21  |y BK  |k DER